История России #35: Головокружение от успехов - Statistics

General Stats
  • This quiz has been taken 36 times
    13 since last reset
  • The average score is 39 of 60
Answer Stats
Вопрос Ответ % Correct
Вступление СССР в Лигу Наций 1934
100%
Пакт Молотова-Риббентропа (месяц, год) август 1939
100%
Вхождение Прибалтики в состав СССР 1940
100%
Нарком иностранных дел после Чичерина в 1930-1939 М.М Литвинов
83%
Лозунг какой пятилетки "Техника решает всё"? (цифра) 1
83%
Начало Второй Мировой войны (число, месяц, год) 1 сентября 1939
83%
Съезд индустриализации (цифра) 14
83%
Съезд коллективизации (цифра) 15
83%
Съезд победителей (цифра) 17
83%
14 съезд ВКП(б) 1925
83%
15 съезд ВКП(б) 1927
83%
Даты первой пятилетки 1928-1932
83%
Статья "Головокружение от успехов" 1930
83%
Уничтожение храма Христа Спасителя 1931
83%
Закон о 3 колосках 1932
83%
Введение паспортной системы. Уложение о паспортах 1932
83%
Даты второй пятилетки 1933-1937
83%
17 съезд ВКП(б) 1934
83%
Создание троцкистско-зиновьевского центра 1936
83%
Второй Московский процесс 1937
83%
Третий Московский процесс 1938
83%
Вступление советских войск в Польшу (месяц, год) сентябрь 1939
83%
Вхождение в состав СССР западной Белорусии и Украины 1939
83%
Исключение СССРиз Лиги Наций 1939
83%
Зимняя война 1939-1940
83%
Лозунг какой пятилетки "Кадры решают все"? (цифра) 2
83%
Сколько было маршалов до 1941? 5
83%
Постановление "О борьбе с искривлениями партийной линии в колхозном
движении"
1930
83%
Маршалы расстрелянные в 1937-1939 А.И. Егоров, В.К. Блюхер, М.Н. Тухачевский
83%
Кого обвинили во время третьегоМосковского процесса? Н.И. Бухарин, А.И. Рыков, Г.Г. Ягода
83%
Командующий битвой на реке Халхин-Гол Г.К. Жуков
67%
Массовое движение новаторов социалистического производства в СССР названное в честь забойщика шахты «Центральная-Ирмино» Стахановское движение
67%
Запрет частной торговли 1931
67%
Установление дипломатических отношений с США 1933
67%
Заключение договора о взаимопомощи с Францией и Чехословакией 1935
67%
Введение генплана по реконструкции Москвы 1935
67%
Гражданская война в Испании 1936-1939
67%
Образование Молдавской ССР 1940
67%
Кого обвинили во время второго Московского процесса? Г.Л. Пятаков, К.Б. Радэк, Г.Я. Сокольников
67%
Командующий битвой на озере Хасан В.К. Блюхер
50%
Командующий во время конфликта на КВЖД В.К. Блюхер
50%
Председатель СНК 1930-1941 В.М. Молотов
50%
Убийство Кирова (число, месяц, год) 1 декабря 1934
50%
Военный конфликт на КВЖД 1929
50%
Смерть Орджоникидзе (месяц, год) февраль 1937
50%
Советско-германский договор "о дружбе и границе" (месяц, год) сентябрь 1939
50%
Итоги первой пятилетки Турксиб, Днепрогэс, Уралвагонзавод, ГАЗ
50%
Причина смещения Литвинова с должности Еврей
33%
Люди, которые приехали из города в деревню и помогали коллективизации Двадцатипятитысячники
33%
Главный обвинитель Каменева и Зиновьева в 1936 А.Я. Вышинский
33%
Дело право-троцкистского антисоветского блока было в каком процессе? (буквами) Третьем Московском
33%
Зерновой голод 1932-1933
33%
Военный конфликт с Японией на озере Хасан (сезон, год) июль-август 1938
33%
Третья пятилетка 1938-1942
33%
Военный конфликт с Японией на реке Халхин-Гол (сезон, год) май-сентябрь 1939
33%
Постановления ЦИК СССР и СНК СССР «Об охране имущества государственных предприятий, колхозов и кооперации и укреплении общественной (социалистической) собственности». Закон о 3 колосках
33%
Одна из форм социалистического соревнования в СССР названная в честь забойщика шахты «Kочегарка» Изотовское движение
17%
Второе название Третьего Московского процесса Дело двадцати одного
17%
Событие послужившее триггером для начала Зимней войны Майнильский инцидент
17%
Отрасли в третьей пятилетке Химия
17%
No matching quizzes found
Score Distribution
Percent of People with Each Score
Percentile by Number Answered
Your Score History
You have not taken this quiz since the last reset